000 00509nam a2200169 a 4500
001 000016524
005 20200929164926.0
008 100308s1987 dr 000 0 spa d
040 _aDO-SdBNP
_bspa
_cBNPHU
082 _axxx
_bA473r
100 1 _aAlvarez, Eduardo
_936762
245 1 0 _aRelaciones públicas & otros temas /
_cEduardo Alvarez.
260 _aSanto Domingo :
_bTaller,
_c1987.
300 _a142 p. ;
_c19 cm.
500 _aIncluye datos biográficos del autor en la contraportada
049 _aBNPD
999 _c16058
_d16058